Normal view
MARC view
- Syed Ali Hassan.
Entry Personal Name
001 - CONTROL NUMBER
- control field: 30866
003 - CONTROL NUMBER IDENTIFIER
- control field: NUST
005 - DATE AND TIME OF LATEST TRANSACTION
- control field: 20200928153025.0
008 - FIXED-LENGTH DATA ELEMENTS
- fixed length control field: 200928|| aca||aabn | a|a d
040 ## - CATALOGING SOURCE
- Original cataloging agency: NUST
- Transcribing agency: NUST
100 ## - HEADING--PERSONAL NAME
- Personal name: Syed Ali Hassan.
670 ## - SOURCE DATA FOUND
- Source citation: Work cat.: (NUST): Anjum, Mahnoor ; Muhammad Bin Asmir ; Muhammad Usman Javed 30865, Design and implementation of a predictive object tracking system through LoRa WAN /, 2019.
